00540nam a2200181Ia 450000500170000000800410001704000190005804100120007708200170008924500630010625000280016926000420019730000200023965000240025965100400028370000250032385000100034820240316094445.0131103s9999 xx 000 0 und d aLoreto College aEnglish a373.42 bGRO aBritish Secondary Education, b cEditor: Richard E.Gross aoverview and appraisal  aLondonbOxford University Pressc1965 a589 p.b illus. aSecondary Education aGreat Britain - Secondary Education aGross,Richard E.,ed. aLCLIB